[Event "World Senior chT-65 2019"]
[Site "Rhodes"]
[Date "2019.04.23"]
[Round "8.12"]
[White "Snape, Ian L"]
[Black "Kristinsson, Jon"]
[Result "1-0"]
[WhiteElo "2154"]
[BlackElo "2094"]
[Annotator "TA"]
[PlyCount "57"]
[EventDate "2019.04.16"]
[EventType "team-tourn"]
[EventCountry "GRE"]
[SourceTitle "playchess.com"]
[Source "ChessBase"]
[SourceQuality "1"]
[WhiteTeam "England"]
[BlackTeam "Iceland"]
[WhiteTeamCountry "ENG"]
[BlackTeamCountry "ISL"]

{[%evp 18,57,27,34,45,19,12,0,0,0,120,121,125,125,99,78,91,77,146,137,138,35,25,17,42,64,129,131,118,123,314,309,295,287,356,334,338,333,666,673,657,638]} 1. d4 Nf6 2. c4 e6 3. Nf3 c5 4. d5 exd5 5. cxd5 d6 6. Nc3 g6 7. Bf4 a6 8. a4 Bg7 9. h3 O-O 10. e3 Re8 {A61: Modern Benoni: Nf3 without early e4} (10... Qe7 11. Bd3 Nbd7 12. O-O Ne8 13. e4 Rb8 14. Re1 Nc7 15. Qd2 Ne5 16. Nxe5 Bxe5 17. Bxe5 Qxe5 18. a5 {1-0 (42) Akobian,V (2647)-Ponkratov,P (2613) Riadh 2017}) 11. Be2 Ne4 12. Nxe4 Rxe4 {The position is equal.} 13. Nd2 Re8 (13... Rb4 $11 {remains equal.}) 14. Nc4 $16 Bf8 15. O-O Qc7 16. Qd2 $146 ({Predecessor:} 16. a5 Nd7 17. Qa4 Nf6 18. Nb6 {1-0 (53) Abhishek,K (2375)-Evdokimov,A (2490) Moscow 2016}) 16... Nd7 17. Rfc1 Nb6 ({Black should try} 17... a5) 18. b4 Nxc4 19. Bxc4 ({White must play} 19. Rxc4 $16 {aiming for bxc5.} b6 20. a5) 19... b6 $1 $14 20. Be2 Bg7 21. Rab1 {Threatens to win with a5.} a5 (21... Bf5 $14) 22. bxc5 bxc5 23. Bb5 $36 {[%mdl 2048] White has strong initiative.} Re7 $2 {[#]} (23... Re4 $16) 24. Bc6 $1 $18 {[%cal Rc6a8]} Ra7 {[#]} 25. Rxc5 $3 {[%mdl 576] Pin} Be5 (25... dxc5 26. Bxc7) 26. Bxe5 Rxe5 27. Rc3 Qe7 $2 (27... Bf5) 28. Rb8 Rc7 29. Bb5 {Accuracy: White = 51%, Black = 25%.} 1-0

[Event "World Senior chT-65 2019"]
[Site "Rhodes"]
[Date "2019.04.23"]
[Round "8.13"]
[White "Herzog, Adolf"]
[Black "Westerinen, Heikki M.J."]
[Result "0-1"]
[WhiteElo "2337"]
[BlackElo "2286"]
[Annotator "RC"]
[PlyCount "94"]
[EventDate "2019.04.16"]
[EventType "team-tourn"]
[EventCountry "GRE"]
[SourceTitle "playchess.com"]
[Source "ChessBase"]
[SourceQuality "1"]
[WhiteTeam "Austria"]
[BlackTeam "Finland"]
[WhiteTeamCountry "AUT"]
[BlackTeamCountry "FIN"]
[TimeControl "40/5400+30:1800+30"]

1. e4 {[%emt 0:00:00]} e6 {[%emt 0:00:18]} 2. d4 {[%emt 0:00:00]} d5 {[%emt 0:00:11]} 3. Nc3 {[%emt 0:00:00]} Bb4 {[%emt 0:02:42]} 4. exd5 {[%emt 0:00:10]} exd5 {[%emt 0:01:32]} 5. Bd3 {[%emt 0:00:15]} c6 {[%emt 0:04:46]} 6. Nf3 {[%emt 0:10:55]} Ne7 {[%emt 0:08:37]} 7. h3 {[%emt 0:10:56]} O-O {[%emt 0:09:09]} 8. O-O {[%emt 0:00:09]} Bf5 {[%emt 0:01:49]} 9. Re1 {[%emt 0:04:13]} Bxd3 {[%emt 0:04:39]} 10. Qxd3 {[%emt 0:00:59]} Nd7 {[%emt 0:00:51]} 11. Bg5 {[%emt 0:03:02]} f6 {[%emt 0:01:45]} 12. Bd2 {[%emt 0:00:17]} Rf7 {[%emt 0:12:25]} 13. Re2 {[%emt 0:07:12]} Nf8 {[%emt 0:01:41]} 14. h4 {[%emt 0:02:15]} h5 {[%emt 0:05:41]} 15. Rae1 {[%emt 0:01:11]} Qd7 {[%emt 0:07:45]} 16. Na4 {[%emt 0:05:54]} Bd6 {[%emt 0:01:02]} 17. Nc5 {[%emt 0:01:36]} Bxc5 {[%emt 0:00:54]} 18. dxc5 {[%emt 0:00:04]} Neg6 {[%emt 0:03:25]} 19. c4 {[%emt 0:05:55]} Rd8 {[%emt 0:02:46]} 20. cxd5 {[%emt 0:01:51]} Qxd5 {[%emt 0:00:23]} 21. Qc2 {[%emt 0:01:17]} Qxa2 {[%emt 0:04:05]} 22. Re8 {[%emt 0:03:17]} Rxe8 {[%emt 0:00:34]} 23. Rxe8 {[%emt 0:00:06]} Ne7 {[%emt 0:03:51]} 24. Bf4 {[%emt 0:04:43]} Qd5 {[%emt 0:01:58]} 25. Bd6 {[%emt 0:01:40]} Nf5 {[%emt 0:00:37]} 26. Rd8 {[%emt 0:04:23]} Qe6 {[%emt 0:04:15]} 27. Qd3 {[%emt 0:03:45]} Nxd6 {[%emt 0:01:32]} 28. Rxd6 {[%emt 0:00:41]} Rd7 {[%emt 0:00:34]} 29. Qa3 {[%emt 0:01:57]} Rxd6 {[%emt 0:00:39]} 30. cxd6 {[%emt 0:00:06]} a6 {[%emt 0:00:38]} 31. Qb4 {[%emt 0:03:49]} Qf7 {[%emt 0:02:09]} 32. Nd4 {[%emt 0:00:56]} Qd5 {[%emt 0:00:54]} 33. Nb3 {[%emt 0:01:01]} b5 {[%emt 0:01:37]} 34. Nc5 {[%emt 0:05:47]} Qd1+ {[%emt 0:00:26]} 35. Kh2 {[%emt 0:00:46]} Qxd6+ {[%emt 0:00:03]} 36. g3 {[%emt 0:00:03]} a5 {[%emt 0:01:47]} 37. Qc3 {[%emt 0:00:24]} a4 {[%emt 0:01:43]} 38. b4 {[%emt 0:01:58]} axb3 {[%emt 0:02:02]} 39. Qxb3+ {[%emt 0:00:22]} Qd5 {[%emt 0:00:25]} 40. Qe3 {[%emt 0:00:00]} Kf7 {[%emt 0:00:00]} 41. Na6 {[%emt 0:01:32]} Ne6 {[%emt 0:06:11]} 42. Qa7+ {[%emt 0:01:35]} Kg6 {[%emt 0:01:25]} 43. Qe7 {[%emt 0:09:31]} Nd4 {[%emt 0:06:29]} 44. Qe8+ {[%emt 0:00:31]} Kh7 {[%emt 0:00:26]} 45. Nb4 {[%emt 0:01:45]} Qf3 {[%emt 0:01:35]} 46. Nd3 {[%emt 0:01:05]} c5 {[%emt 0:05:01]} 47. Kg1 {[%emt 0:03:33]} Ne2+ {[%emt 0:00:57]} 0-1

[Event "World Senior chT-65 2019"]
[Site "Rhodes"]
[Date "2019.04.23"]
[Round "8.14"]
[White "Rantanen, Yrjo A."]
[Black "Petschar, Kurt"]
[Result "1-0"]
[WhiteElo "2283"]
[BlackElo "2226"]
[Annotator "TA"]
[PlyCount "55"]
[EventDate "2019.04.16"]
[EventType "team-tourn"]
[EventCountry "GRE"]
[SourceTitle "playchess.com"]
[Source "ChessBase"]
[SourceQuality "1"]
[WhiteTeam "Finland"]
[BlackTeam "Austria"]
[WhiteTeamCountry "FIN"]
[BlackTeamCountry "AUT"]

{[%evp 11,55,-18,-8,-25,-13,-62,-17,-24,-28,-16,1,14,8,8,22,24,29,-94,9,10,15,10,6,0,0,0,0,0,0,-77,-60,-77,-69,-88,0,0,10,27,25,27,489,485,472,460,1628,1593]} 1. e4 e5 2. Nf3 Nc6 3. Bb5 f5 4. d3 fxe4 5. dxe4 Nf6 6. Nc3 Bb4 7. Bc4 {C63: Ruy Lopez: Schliemann/Jaenisch Defence} (7. Qd3 d6 8. Bd2 Bxc3 9. Bxc3 O-O 10. O-O-O Qe8 11. h3 a6 12. Ba4 Nh5 13. g3 Kh8 14. Qe2 Be6 15. Bxc6 bxc6 16. a3 h6 17. Nh4 {1-0 (47) Bortnyk,O (2610)-Khachiyan,M (2522) chess.com INT 2018}) 7... d6 8. Ng5 {Nf7 is the strong threat.} Bxc3+ 9. bxc3 {The position is equal.} Qe7 $146 ({Predecessor:} 9... Bg4 10. Bf7+ Ke7 11. f3 Bd7 12. Bb3 Rf8 13. h4 h6 14. Nh3 Qc8 {1-0 (41) Yastrebov,A (2165)-Hynes,A (2056) Birmingham 2001}) 10. Bf7+ Kf8 {Threatens to win with ...h6.} 11. Bb3 h6 $132 {[%mdl 2048] Black is not keeping still} 12. Nf7 Rh7 {And now ...Be6 would win.} 13. Ba3 $1 {[%cal Rf7d6]} Ke8 14. f4 (14. Qd3 $11 {remains equal.}) 14... Be6 ({Weaker is} 14... Nxe4 15. Qh5 $16) (14... exf4 $17 15. O-O g5) 15. Nxe5 $1 $11 Bxb3 ({Don't blunder} 15... Nxe4 $2 16. O-O $18) 16. axb3 Nxe5 17. fxe5 Qxe5 {[%mdl 64] [#] Double Attack} 18. O-O Kd7 19. c4 b6 20. c5 (20. Ra2 $11 {keeps the balance.}) 20... bxc5 $17 21. Rf5 Qxe4 22. Rxc5 Qe3+ (22... Re8 $17 {aiming for ...Qe3+.} 23. Kh1 a6) 23. Kh1 $11 Ne4 24. Qg4+ $1 Kd8 {( -> ...Nf2+)} 25. Rf5 $1 {Hoping for Raf1.} Nf2+ $2 {[%mdl 8192] [#]} (25... Qd4 $1 $11 {and Black stays safe.} 26. Qh4+ (26. Rf8+ $2 Ke7 $19) 26... g5) 26. Rxf2 $1 $18 {[%mdl 576] Remove Defender, Deflection. White is clearly winning.} Qxf2 27. Qe4 $1 {[%csl LRa8,LRh7][%mdl 64] Double Attack} Rh8 (27... Rb8 $142 28. Qxh7 Rb5 29. Qg8+ Kd7 30. Qxg7+ Kc6 31. Qxh6 a5) 28. Qxa8+ {Accuracy: White = 57%, Black = 31%.} 1-0

[Event "World Senior chT-65 2019"]
[Site "Rhodes"]
[Date "2019.04.23"]
[Round "8.15"]
[White "Singer, Hans"]
[Black "Hurme, Harri"]
[Result "1/2-1/2"]
[WhiteElo "2195"]
[BlackElo "2148"]
[Annotator "TA"]
[PlyCount "65"]
[EventDate "2019.04.16"]
[EventType "team-tourn"]
[EventCountry "GRE"]
[SourceTitle "playchess.com"]
[Source "ChessBase"]
[SourceQuality "1"]
[WhiteTeam "Austria"]
[BlackTeam "Finland"]
[WhiteTeamCountry "AUT"]
[BlackTeamCountry "FIN"]

{[%evp 20,65,29,29,27,3,4,-4,19,0,0,3,0,4,4,0,7,7,9,8,0,0,0,0,54,49,43,17,16,4,4,4,7,2,10,0,0,0,0,0,0,0,0,0,0,0,0,-3]} 1. d4 Nf6 2. Nf3 d5 3. c4 e6 4. Nc3 Be7 5. Bg5 O-O 6. e3 c6 7. Bd3 dxc4 8. Bxc4 Nd5 9. Bxe7 Qxe7 10. Qd2 Nd7 11. O-O b6 {D60: Queen's Gambit Declined: Classical: Unusual White 7th moves} (11... N5b6 12. Bb3 e5 13. dxe5 Nxe5 14. Nxe5 Qxe5 15. f4 Qc5 16. Kh1 Be6 17. Bxe6 fxe6 18. e4 Rad8 19. Qe2 {1-0 (36) Cardenas,A (1982)-Ruiz Aguilar,P (2194) Medellin 2018}) 12. Rfd1 $146 ({Predecessor:} 12. Rac1 Bb7 13. Rfe1 Nxc3 14. Rxc3 c5 15. d5 exd5 16. Bxd5 Bxd5 17. Qxd5 Nf6 18. Qg5 Rfd8 19. e4 Qe6 20. e5 {½-½ (29) Fischer,E (1959)-Lutzky,M (1913) Germany 2011}) 12... Bb7 13. Rac1 Rac8 14. Qe2 Nxc3 15. Rxc3 c5 16. Ba6 cxd4 17. Rxc8 Bxc8 18. Nxd4 Nc5 19. Bxc8 Rxc8 20. Rc1 {[#] Black must now prevent b4.} Qd7 21. Qc4 {aiming for b4.} Rd8 (21... a5 $11) 22. b4 $14 Ne4 23. Nc6 Qd1+ {The position is equal.} 24. Rxd1 Rxd1+ 25. Qf1 Rxf1+ 26. Kxf1 $11 {[%mdl 4096] Endgame KN-KN} Nc3 27. a3 a6 28. Ke1 f6 29. Nb8 a5 30. bxa5 bxa5 31. a4 Nxa4 32. Nc6 e5 33. Nxa5 {Accuracy: White = 58%, Black = 83%.} 1/2-1/2

[Event "World Senior chT-65 2019"]
[Site "Rhodes"]
[Date "2019.04.23"]
[Round "8.16"]
[White "Kivimaki, Jaakko"]
[Black "Ager, Josef"]
[Result "1/2-1/2"]
[WhiteElo "2165"]
[BlackElo "2122"]
[Annotator "TA"]
[PlyCount "29"]
[EventDate "2019.04.16"]
[EventType "team-tourn"]
[EventCountry "GRE"]
[SourceTitle "playchess.com"]
[Source "ChessBase"]
[SourceQuality "1"]
[WhiteTeam "Finland"]
[BlackTeam "Austria"]
[WhiteTeamCountry "FIN"]
[BlackTeamCountry "AUT"]

{[%evp 9,29,-4,-13,-5,0,0,0,0,0,0,7,-15,-14,-56,-68,-75,-58,-59,0,-65,0,-76]} 1. Nf3 Nf6 2. d4 g6 3. b4 Bg7 4. e3 d6 (4... O-O 5. Be2 b6 6. O-O c5 7. c3 d6 8. Bb2 Bb7 9. Nbd2 Nbd7 10. Qb3 Qc7 11. c4 Rfe8 12. bxc5 bxc5 {½-½ (26) Bocharov,D (2560)-Dominguez Perez,L (2732) Berlin 2015}) 5. a4 O-O 6. Be2 {A48: 1 d4 Nf6 2 Nf3 g6: Torre, London and Colle Systems} Nbd7 7. Bb2 $146 ({Predecessor:} 7. c3 e5 8. Qb3 Qe7 9. Ba3 exd4 10. cxd4 Nb6 11. O-O Be6 12. Qc2 Bf5 13. Qb3 Be6 14. Qc2 {½-½ (14) Kivimaki,J (2218)-Fieandt,J (2196) Finland 2000}) 7... e5 8. c3 a5 9. b5 Re8 10. Qb3 Nb6 11. Na3 Be6 12. Qc2 Bf5 13. Qb3 Be6 14. Qc2 $1 Bf5 15. Qb3 1/2-1/2

[Event "World Senior chT-65 2019"]
[Site "Rhodes"]
[Date "2019.04.23"]
[Round "8.17"]
[White "Faibisovich, Vadim Z"]
[Black "Carlsson, Ingvar"]
[Result "1/2-1/2"]
[WhiteElo "2302"]
[BlackElo "2119"]
[Annotator "RC"]
[PlyCount "104"]
[EventDate "2019.04.16"]
[EventType "team-tourn"]
[EventCountry "GRE"]
[SourceTitle "playchess.com"]
[Source "ChessBase"]
[SourceQuality "1"]
[WhiteTeam "Russia"]
[BlackTeam "Sweden"]
[WhiteTeamCountry "RUS"]
[BlackTeamCountry "SWE"]
[TimeControl "40/5400+30:1800+30"]

1. e4 {[%emt 4:19:59]} e6 {[%emt 0:00:15]} 2. d4 {[%emt 0:00:35]} d5 {[%emt 0:00:13]} 3. Nc3 {[%emt 0:01:32]} Nf6 {[%emt 0:00:14]} 4. e5 {[%emt 0:03:56]} Nfd7 {[%emt 0:00:10]} 5. f4 {[%emt 0:01:18]} c5 {[%emt 0:00:08]} 6. Nf3 {[%emt 0:00:14]} Nc6 {[%emt 0:00:17]} 7. Be3 {[%emt 0:00:37]} a6 {[%emt 0:00:38]} 8. Qd2 {[%emt 0:04:15]} b5 {[%emt 0:00:31]} 9. dxc5 {[%emt 0:10:46]} Bxc5 {[%emt 0:01:20]} 10. Ne2 {[%emt 0:11:46]} O-O {[%emt 0:14:37]} 11. Ned4 {[%emt 0:03:22]} Qb6 {[%emt 0:04:18]} 12. c3 {[%emt 0:06:18]} b4 {[%emt 0:19:02]} 13. Bd3 {[%emt 0:02:40]} a5 {[%emt 0:02:36]} 14. O-O {[%emt 0:07:49]} Ba6 {[%emt 0:00:20]} 15. Bxa6 {[%emt 0:02:31]} Rxa6 {[%emt 0:02:36]} 16. Bf2 {[%emt 0:07:11]} Qb7 {[%emt 0:12:39]} 17. Rae1 {[%emt 0:02:32]} bxc3 {[%emt 0:23:51]} 18. bxc3 {[%emt 0:00:16]} Nxd4 {[%emt 0:02:03]} 19. Nxd4 {[%emt 0:02:40]} g6 {[%emt 0:04:45]} 20. Qd3 {[%emt 0:04:12]} Rb8 {[%emt 0:01:16]} 21. g4 {[%emt 0:02:45]} Bf8 {[%emt 0:02:52]} 22. Rb1 {[%emt 0:10:11]} Rb6 {[%emt 0:00:23]} 23. Nb3 {[%emt 0:00:44]} Rb5 {[%emt 0:04:30]} 24. Nxa5 {[%emt 0:00:43]} Qa6 {[%emt 0:00:34]} 25. Rxb5 {[%emt 0:00:44]} Rxb5 {[%emt 0:00:37]} 26. Nb3 {[%emt 0:00:27]} Qa4 {[%emt 0:01:32]} 27. Bd4 {[%emt 0:01:37]} Rb8 {[%emt 0:00:49]} 28. Rf2 {[%emt 0:00:35]} Ra8 {[%emt 0:00:22]} 29. f5 {[%emt 0:01:46]} Bg7 {[%emt 0:00:33]} 30. f6 {[%emt 0:01:30]} Bf8 {[%emt 0:00:23]} 31. h4 {[%emt 0:00:59]} Qa6 {[%emt 0:00:50]} 32. Qe3 {[%emt 0:00:55]} h6 {[%emt 0:00:32]} 33. Kg2 {[%emt 0:02:07]} Qc8 {[%emt 0:00:21]} 34. Rd2 {[%emt 0:01:18]} Ra4 {[%emt 0:00:04]} 35. Rb2 {[%emt 0:01:03]} Qa8 {[%emt 0:01:14]} 36. Qe2 {[%emt 0:00:47]} Ba3 {[%emt 0:00:19]} 37. Rc2 {[%emt 0:01:36]} Bf8 {[%emt 0:00:31]} 38. Rb2 {[%emt 0:01:22]} Ba3 {[%emt 0:00:09]} 39. Rd2 {[%emt 0:00:08]} Bf8 {[%emt 0:00:10]} 40. Qb5 {[%emt 0:02:01]} Nb8 {[%emt 0:01:21]} 41. Kh3 {[%emt 0:05:23]} Nc6 {[%emt 0:10:34]} 42. Qe2 {[%emt 0:00:14]} Nb8 {[%emt 0:02:20]} 43. h5 {[%emt 0:08:15]} g5 {[%emt 0:00:38]} 44. Kg2 {[%emt 0:00:28]} Na6 {[%emt 0:01:30]} 45. Qb5 {[%emt 0:04:03]} Nb8 {[%emt 0:02:01]} 46. Kf3 {[%emt 0:02:31]} Nc6 {[%emt 0:00:31]} 47. Qe2 {[%emt 0:00:41]} Nb8 {[%emt 0:01:18]} 48. Kf2 {[%emt 0:00:37]} Na6 {[%emt 0:00:20]} 49. Ke1 {[%emt 0:01:29]} Nc7 {[%emt 0:01:48]} 50. Rb2 {[%emt 0:01:16]} Ba3 {[%emt 0:00:42]} 51. Rb1 {[%emt 0:01:27]} Bf8 {[%emt 0:00:08]} 52. Rb2 {[%emt 0:00:50]} Ba3 {[%emt 0:00:07]} 1/2-1/2

[Event "World Senior chT-65 2019"]
[Site "Rhodes"]
[Date "2019.04.23"]
[Round "8.18"]
[White "Nordstrom, Felix"]
[Black "Karasev, Vladimir I"]
[Result "0-1"]
[WhiteElo "2044"]
[BlackElo "2281"]
[Annotator "RC"]
[PlyCount "106"]
[EventDate "2019.04.16"]
[EventType "team-tourn"]
[EventCountry "GRE"]
[SourceTitle "playchess.com"]
[Source "ChessBase"]
[SourceQuality "1"]
[WhiteTeam "Sweden"]
[BlackTeam "Russia"]
[WhiteTeamCountry "SWE"]
[BlackTeamCountry "RUS"]
[TimeControl "40/5400+30:1800+30"]

1. d4 {[%emt 0:00:38]} g6 {[%emt 0:00:13]} 2. e4 {[%emt 0:00:00]} Bg7 {[%emt 0:00:03]} 3. c4 {[%emt 0:00:45]} d6 {[%emt 0:00:27]} 4. Nf3 {[%emt 0:01:21]} Bg4 {[%emt 0:02:37]} 5. Be2 {[%emt 0:02:20]} Nc6 {[%emt 0:02:59]} 6. Nbd2 {[%emt 0:11:27]} Nf6 {[%emt 0:02:30]} 7. d5 {[%emt 0:02:30]} Nb8 {[%emt 0:02:32]} 8. O-O {[%emt 0:02:19]} O-O {[%emt 0:01:06]} 9. Ne1 {[%emt 0:04:27]} Bxe2 {[%emt 0:00:20]} 10. Qxe2 {[%emt 0:00:02]} c6 {[%emt 0:00:23]} 11. Nd3 {[%emt 0:03:42]} b5 {[%emt 0:01:58]} 12. dxc6 {[%emt 0:02:18]} Nxc6 {[%emt 0:00:35]} 13. cxb5 {[%emt 0:01:34]} Nd4 {[%emt 0:00:09]} 14. Qd1 {[%emt 0:00:47]} Nxb5 {[%emt 0:01:03]} 15. Qa4 {[%emt 0:04:30]} a6 {[%emt 0:06:41]} 16. Nf3 {[%emt 0:01:35]} Qd7 {[%emt 0:07:11]} 17. Bd2 {[%emt 0:06:18]} Qb7 {[%emt 0:08:22]} 18. Rfe1 {[%emt 0:02:07]} Rfc8 {[%emt 0:02:12]} 19. Rac1 {[%emt 0:01:27]} Rxc1 {[%emt 0:00:23]} 20. Bxc1 {[%emt 0:01:38]} Rc8 {[%emt 0:02:36]} 21. h3 {[%emt 0:04:32]} Nd7 {[%emt 0:03:29]} 22. Qb3 {[%emt 0:03:41]} Qc7 {[%emt 0:20:56]} 23. Bg5 {[%emt 0:07:03]} Nc5 {[%emt 0:02:06]} 24. Nxc5 {[%emt 0:03:18]} dxc5 {[%emt 0:04:34]} 25. Rc1 {[%emt 0:05:29]} c4 {[%emt 0:02:47]} 26. Qc2 {[%emt 0:02:27]} Nd4 {[%emt 0:00:00]} 27. Nxd4 {[%emt 0:00:57]} Bxd4 {[%emt 0:00:00]} 28. Rd1 {[%emt 0:08:58]} Qb6 {[%emt 0:07:48]} 29. Bc1 {[%emt 0:05:06]} e5 {[%emt 0:00:40]} 30. Re1 {[%emt 0:00:42]} Qa5 {[%emt 0:00:44]} 31. Re2 {[%emt 0:01:56]} Qxa2 {[%emt 0:00:16]} 32. Kf1 {[%emt 0:02:55]} Qb3 {[%emt 0:01:13]} 33. Ke1 {[%emt 0:01:25]} a5 {[%emt 0:01:12]} 34. f3 {[%emt 0:02:47]} a4 {[%emt 0:00:28]} 35. Kd1 {[%emt 0:05:03]} Qb4 {[%emt 0:05:24]} 36. Bg5 {[%emt 0:02:22]} c3 {[%emt 0:01:37]} 37. bxc3 {[%emt 0:01:53]} Rxc3 {[%emt 0:00:35]} 38. Bd2 {[%emt 0:00:27]} Rxc2 {[%emt 0:02:00]} 39. Bxb4 {[%emt 0:00:00]} Rc4 40. Bd6 {[%emt 0:02:42]} Rc6 {[%emt 0:01:19]} 41. Ba3 {[%emt 0:08:32]} f5 {[%emt 0:07:04]} 42. exf5 {[%emt 0:00:18]} gxf5 {[%emt 0:00:27]} 43. Bb2 {[%emt 0:05:15]} Bxb2 {[%emt 0:04:52]} 44. Rxb2 {[%emt 0:00:00]} Ra6 {[%emt 0:01:30]} 45. Kc2 {[%emt 0:00:00]} a3 46. Rb8+ {[%emt 0:01:58]} Kf7 {[%emt 0:00:42]} 47. Kb1 {[%emt 0:00:00]} e4 48. fxe4 {[%emt 0:09:11]} fxe4 {[%emt 0:05:49]} 49. Rh8 {[%emt 0:04:51]} h6 {[%emt 0:00:22]} 50. Ka2 {[%emt 0:01:47]} Re6 {[%emt 0:01:58]} 51. Rd8 {[%emt 0:00:00]} e3 {[%emt 0:04:40]} 52. Rd1 {[%emt 0:00:11]} e2 {[%emt 0:00:03]} 53. Re1 {[%emt 0:00:00]} Re3 {[%emt 0:00:45]} 0-1

[Event "World Senior chT-65 2019"]
[Site "Rhodes"]
[Date "2019.04.23"]
[Round "8.19"]
[White "Shushpanov, Vladimir"]
[Black "Grahn, Lars"]
[Result "1/2-1/2"]
[WhiteElo "2180"]
[BlackElo "1985"]
[Annotator "RC"]
[PlyCount "108"]
[EventDate "2019.04.16"]
[EventType "team-tourn"]
[EventCountry "GRE"]
[SourceTitle "playchess.com"]
[Source "ChessBase"]
[SourceQuality "1"]
[WhiteTeam "Russia"]
[BlackTeam "Sweden"]
[WhiteTeamCountry "RUS"]
[BlackTeamCountry "SWE"]
[TimeControl "40/5400+30:1800+30"]

1. d4 {[%emt 0:00:00]} f5 {[%emt 0:00:00]} 2. Nc3 {[%emt 0:00:04]} Nf6 {[%emt 0:00:00]} 3. Bg5 {[%emt 0:00:09]} d5 {[%emt 0:00:00]} 4. e3 {[%emt 0:00:53]} e6 {[%emt 0:02:10]} 5. Bd3 {[%emt 0:00:47]} Be7 {[%emt 0:00:24]} 6. h3 {[%emt 0:03:24]} Ne4 {[%emt 0:08:11]} 7. Bxe7 {[%emt 0:00:37]} Qxe7 {[%emt 0:00:14]} 8. Bxe4 {[%emt 0:00:37]} fxe4 {[%emt 0:01:11]} 9. Qe2 {[%emt 0:00:44]} Bd7 {[%emt 0:02:50]} 10. O-O-O {[%emt 0:00:20]} Na6 {[%emt 0:04:12]} 11. f3 {[%emt 0:00:50]} exf3 {[%emt 0:00:35]} 12. Nxf3 {[%emt 0:01:11]} O-O-O {[%emt 0:00:49]} 13. e4 {[%emt 0:02:08]} Bc6 {[%emt 0:12:20]} 14. Ne5 {[%emt 0:04:36]} Nb8 {[%emt 0:00:46]} 15. Rhf1 {[%emt 0:07:57]} Rhf8 {[%emt 0:00:46]} 16. Rxf8 {[%emt 0:15:55]} Qxf8 {[%emt 0:06:13]} 17. Qg4 {[%emt 0:04:42]} Qf6 {[%emt 0:05:28]} 18. Nxc6 {[%emt 0:10:18]} bxc6 {[%emt 0:00:12]} 19. exd5 {[%emt 0:01:04]} cxd5 {[%emt 0:00:57]} 20. Re1 {[%emt 0:04:15]} Rd6 {[%emt 0:00:56]} 21. a4 {[%emt 0:01:03]} a6 {[%emt 0:02:32]} 22. Ne2 {[%emt 0:06:09]} Nc6 {[%emt 0:02:08]} 23. c3 {[%emt 0:00:22]} Qf2 {[%emt 0:09:47]} 24. Qg3 {[%emt 0:01:24]} Qf5 {[%emt 0:05:41]} 25. Qf4 {[%emt 0:05:09]} Qg6 {[%emt 0:02:24]} 26. Qg3 {[%emt 0:04:24]} Qf5 {[%emt 0:01:12]} 27. b4 {[%emt 0:03:01]} g5 {[%emt 0:04:44]} 28. Kd2 {[%emt 0:02:13]} e5 {[%emt 0:06:56]} 29. Qg4 {[%emt 0:01:14]} Qxg4 {[%emt 0:02:15]} 30. hxg4 {[%emt 0:00:02]} exd4 {[%emt 0:00:42]} 31. Nxd4 {[%emt 0:00:11]} Nxd4 {[%emt 0:00:24]} 32. cxd4 {[%emt 0:00:02]} h6 {[%emt 0:03:30]} 33. Re8+ {[%emt 0:01:00]} Kb7 {[%emt 0:00:45]} 34. Re5 {[%emt 0:02:05]} Kb6 {[%emt 0:03:30]} 35. Kd3 {[%emt 0:01:04]} Kb7 {[%emt 0:00:28]} 36. Kc3 {[%emt 0:02:00]} Kb6 {[%emt 0:01:30]} 37. Re8 {[%emt 0:01:51]} Rc6+ {[%emt 0:03:32]} 38. Kd3 {[%emt 0:00:53]} Rc4 {[%emt 0:00:58]} 39. a5+ {[%emt 0:02:25]} Kb7 {[%emt 0:01:19]} 40. Re5 {[%emt 0:00:00]} Kc6 {[%emt 0:00:00]} 41. Re6+ {[%emt 0:01:49]} Kb7 {[%emt 0:07:18]} 42. Rxh6 {[%emt 0:00:53]} Rxb4 {[%emt 0:00:15]} 43. Rg6 {[%emt 0:00:42]} Rb3+ {[%emt 0:08:24]} 44. Kc2 {[%emt 0:01:03]} Rg3 {[%emt 0:01:11]} 45. Rxg5 {[%emt 0:00:13]} Kc6 {[%emt 0:02:41]} 46. Kd2 {[%emt 0:00:58]} Kb5 {[%emt 0:10:04]} 47. Rxd5+ {[%emt 0:01:20]} Kc4 {[%emt 0:00:04]} 48. Rc5+ {[%emt 0:01:24]} Kxd4 {[%emt 0:00:07]} 49. Rxc7 {[%emt 0:00:10]} Rxg2+ {[%emt 0:00:21]} 50. Kc1 {[%emt 0:00:15]} Rxg4 {[%emt 0:03:29]} 51. Rc6 {[%emt 0:00:22]} Kd5 {[%emt 0:01:21]} 52. Rxa6 {[%emt 0:00:32]} Kc5 {[%emt 0:00:18]} 53. Rh6 {[%emt 0:02:06]} Kb5 {[%emt 0:00:47]} 54. a6 {[%emt 0:00:29]} Ra4 {[%emt 0:00:14]} 1/2-1/2